Thiết bị điều khiển khả trình PLC : Dùng cho sinh viên hệ Cao đẳng và Đại học

Zapisane w:
Opis bibliograficzny
1. autor: Phạm, Xuân Khánh
Format: Sách
Język:Undetermined
Wydane: Giáo dục 2011
Hasła przedmiotowe:
Etykiety: Dodaj etykietę
Nie ma etykietki, Dołącz pierwszą etykiete!
Thư viện lưu trữ: Trung tâm Thư viện - Trường Đại học Công nghiệp TP. Hồ Chí Minh
LEADER 00573nam a2200157Ia 4500
001 UIH_00271
008 230809s9999 xx 000 0 und d
082 |a 629.89 
100 |a Phạm, Xuân Khánh 
245 0 |a Thiết bị điều khiển khả trình PLC : Dùng cho sinh viên hệ Cao đẳng và Đại học 
245 0 |c Phạm, Xuân Khánh 
260 |b Giáo dục 
260 |c 2011 
650 |a Điều khiển tự động; 
927 |a Sách 
980 |a Trung tâm Thư viện - Trường Đại học Công nghiệp TP. Hồ Chí Minh